| 000 | 00631nam a2200205 i 4500 | ||
|---|---|---|---|
| 001 | 84190 | ||
| 003 | ES-MaACL | ||
| 005 | 20230906174951.0 | ||
| 007 | t| | ||
| 008 | 041122s1910 fr ||||1| fre d | ||
| 100 | 1 |
_aJay, Raoul. _966219 |
|
| 245 | 1 | 3 |
_aLa protection legale des travailleurs / _cRaoul Jay. |
| 250 | _a2ยช ed. | ||
| 260 |
_aParis : _b[s.n., _c1910] ( _eOrleans : _fImp. Orleanaise) |
||
| 300 |
_aVIII, 436 p. ; _c18 cm. |
||
| 490 | 1 |
_aPremiers elements de legislation ouvriere ; _v1 |
|
| 830 | 0 |
_aPremiers elements de legislation ouvriere ; _v1 _9231657 |
|
| 852 |
_aES-MaACL _jF-430 |
||
| 999 |
_c84190 _d84190 |
||